| 000 | 01688nam0a22002891 4500 | ||
|---|---|---|---|
| 001 | rc\4690528 | ||
| 005 | 20260406204557.0 | ||
| 021 |
_aRU _b[62-81144] |
||
| 035 | _a(NLR Aleph) 008218234 | ||
| 090 |
_a8139570 _c8139570 |
||
| 100 | _a20130416d1962 |||y0rusy50 ca | ||
| 101 | 0 | _arus | |
| 102 | _aRU | ||
| 105 | _ay a ||||| | ||
| 200 | 1 |
_aПрименение неметаллических материалов и клеевых соединений для изготовления технологической оснастки _eБиблиогр. список отеч. и иностр. литературы за 1960-1962 гг. (196 назв.) _fЦентр. ин-т науч.-техн. информации машиностроения Гос. ком. Совета Министров СССР по автоматизации и машиностроению. Центр. науч.-техн. б-ка машиностроения |
|
| 210 |
_aМосква _cБ. и. _d1962 |
||
| 215 |
_a34 с. _d20 |
||
| 300 | _aВ конце книги сост.: Г. Винниченко | ||
| 606 |
_aМашиностроительные заводы _xОснастка технологическая _jБиблиография _2psbo |
||
| 606 |
_aПластмассы _xПрименение в машиностроении _jБиблиография _2psbo |
||
| 702 | 1 |
_aВинниченко _bГ. _4220 |
|
| 712 | 0 | 2 |
_aЦентральная научно-техническая библиотека машиностроения _cМосква _3RU\NLR\AUTH\889964991 _9426193 |
| 801 | 0 |
_aRU _bNLR _gpsbo |
|
| 801 | 1 |
_aRU _bELAR _2rusmarc |
|
| 852 |
_aNLR _jС321-410/П-76 |
||
| 942 | _cBOOK | ||
| 980 | _aNB | ||